Nabi Yusuf : dicampak ke dalam perigi

Bibliographic Details
Main Author: Nur Hidayah
Format: Book
Published: Selangor : Mega Setia Emas , 2006
Series:Koleksi kisah daripada Al-Quran
Subjects:

MARC

LEADER 00000cam a2200000 7i4500
001 0000005526
005 20151222.0
008 070807
020 |a 9831438507 (set) 
020 |a 9831438574 
090 0 0 |a JF   |b REG MAL (7010) 
100 0 |a Nur Hidayah 
245 1 0 |a Nabi Yusuf :   |b dicampak ke dalam perigi   |c Nur Hidayah 
260 |a Selangor :   |b Mega Setia Emas ,   |c 2006 
440 |a Koleksi kisah daripada Al-Quran 
500 |a Children ages 7-9 years old (orange) 
650 0 |a Junior fiction   |x Malay   |x Languages 
650 0 |a Religion 
999 |a 0000980878   |b Book   |c Children Collection   |e Perbadanan Perpustakaan Awam Johor 
999 |a 0000980879   |b Book   |c Children Collection   |e Perbadanan Perpustakaan Awam Johor 
999 |a 0000980880   |b Book   |c Children Collection   |e Perbadanan Perpustakaan Awam Johor 
999 |a 0000980881   |b Book   |c Children Collection   |e Perbadanan Perpustakaan Awam Johor 
999 |a 0000980882   |b Book   |c Children Collection   |e Perbadanan Perpustakaan Awam Johor 
999 |a 0000983653   |b Book   |c Children Collection   |e Cawangan Taman Universiti 
999 |a 0000983654   |b Book   |c Children Collection   |e Cawangan Bukit Gambir 
999 |a 0000983656   |b Book   |c Children Collection   |e Cawangan Bukit Gambir 
999 |a 0000983657   |b Book   |c Children Collection   |e Cawangan Tangkak